| 000 | 01003cam a2200265 i 4500 | ||
|---|---|---|---|
| 999 |
_c4568 _d4568 |
||
| 001 | 4630521 | ||
| 003 | OSt | ||
| 005 | 20190328174017.0 | ||
| 008 | 790328s1978 cau 001 0 eng | ||
| 010 | _a 78068102 | ||
| 020 | _a0878081291 | ||
| 040 |
_aDLC _cDLC _dDLC |
||
| 050 | 1 | 0 |
_aBS2085 1978 _b.P37 |
| 082 | 0 | 0 |
_aREF 225.5 _bW734W |
| 130 | 0 |
_aBible. _pNew Testament. _lEnglish. _sAuthorized. _f1978. |
|
| 245 | 1 | 4 |
_aThe word study New Testament : _bcontaining the numbering system to the Word Study concordance and the Key number index to standard reference works : based on the Authorized version of the Holy Bible / _cedited by Ralph D. Winter and Roberta H. Winter. |
| 260 |
_aPasadena, CA : _bWilliam Carey Library, _cc1978. |
||
| 300 |
_aviii, 840 p. ; _c24 cm. |
||
| 500 | _aIncludes index. | ||
| 700 | 1 | _aWinter, Ralph D. | |
| 700 | 1 | _aWinter, Roberta H. | |
| 700 | 1 |
_aWigram, George V. _tWord study concordance. |
|
| 906 |
_a7 _bcbc _corignew _d2 _eopcn _f19 _gy-gencatlg |
||
| 942 |
_2ddc _cREF |
||